| 000 | 00425nam a2200181Ia 4500 | ||
|---|---|---|---|
| 008 | 170705s9999 xx 000 0 und d | ||
| 020 | _a9780531266526 | ||
| 245 | _aGenerous me / | ||
| 245 | _cMary E. Pearson. | ||
| 260 | _aNew York : | ||
| 260 | _bScholastic, | ||
| 260 | _c2011 | ||
| 300 | _a40 pages : | ||
| 300 | _bcolor illustration ; | ||
| 300 | _c18cm. | ||
| 440 | _aRookie ready to learn. | ||
| 500 | _a270 | ||
| 999 |
_c335435 _d335435 |
||